Statistiques concernant Pays appartenant autrefois à la Prusse - Carte

Cliquez ici pour prendre le quiz!

Statistiques générales

  • Ce quiz a été pris 161 fois
    (124 depuis la dernière actualisation)
  • Le résultat moyen est 10 sur 13

Réponses sur la Carte

Les réponses sont colorées sur une échelle allant du rouge au vert en fonction du pourcentage des utilisateurs qui les ont devinées à leur premier essai. Vous pouvez retrouver ces pourcentages ci-dessous.
 

Statistiques - réponses

Pays% Correct
Allemagne
98%
Pologne
97%
Russie
97%
Danemark
96%
Lituanie
95%
Belgique
92%
Biélorussie
92%
Pays-Bas
92%
Suisse
88%
République Tchèque
69%
Mauritanie
48%
Ghana
42%
Etats-Unis (Porto-Rico, Ile Vierges)
14%

Distribution des résultats

Percentile par nombre de réponses

% des personnes avec chaque résultat

Votre développement - résultats

Vous n’avez pas pris ce quiz depuis la dernière actualisation